Loading...
| Pop Culture | 0 | 3 | 0 | 0 | 30 | 24 | 36.67 | 0 | 2 | 33.16 | 36.67 |
| Fine Arts - Other | 0 | 2 | 0 | 1 | 20 | 37 | 74.00 | 0 | 1 | 6.29 | 10.58 |
| Religion | 0 | 2 | 0 | 0 | 20 | 67 | 71.50 | 0 | 2 | 6.74 | 15.77 |
| Literature - European | 0 | 1 | 0 | 1 | 10 | 109 | 109.00 | 0 | 0 | 0.08 | 1.82 |
| Literature - World | 0 | 1 | 0 | 0 | 10 | 74 | 74.00 | 0 | 0 | 3.24 | 6.61 |
| Science - Physics | 0 | 1 | 0 | 0 | 10 | 69 | 69.00 | 0 | 0 | 2.82 | 4.55 |
| History - World | 0 | 1 | 0 | 0 | 10 | 88 | 88.00 | 0 | 0 | 1.40 | 0.91 |
| Literature - American | 0 | 1 | 0 | 0 | 10 | 51 | 51.00 | 0 | 1 | 4.95 | 7.58 |
| Science - Biology | 0 | 1 | 0 | 1 | 10 | 93 | 93.00 | 0 | 0 | 0.00 | 0.76 |
| History - European | 0 | 0 | 0 | 0 | 0 | 0.00 | 0 | 0 | 0.00 | 0.00 | |
| Painting/Sculpture | 0 | 0 | 0 | 0 | 0 | 0.00 | 0 | 0 | 0.00 | 0.00 | |
| History - Other | 0 | 0 | 1 | 0 | -5 | 0.00 | 0 | 0 | 0.00 | 0.00 |